Name the Language - Statistics

General Stats
  • This quiz has been taken 877 times
    856 since last reset
  • The average score is 12 of 25
Answer Stats
Phrase Language % Correct
Cómo estás Spanish
95%
你好嗎 Chinese
86%
Wie gehst German
86%
어떻게 지냈어 요 Korean
86%
Как дела Russian
83%
Como você está Portuguese
79%
Làm thế nào bạn Vietnamese
72%
คุณเป็นอย่างไร Thai
71%
Hoe gaat het met je Dutch
63%
Come stai Italian
58%
Hur mår du Swedish
57%
Mitä kuuluu Finnish
53%
Hvernig ert þú Icelandic
45%
Қалайсың Kazakh
34%
Quomodo vos Latin
30%
Kei te pēhea koe Maori
29%
Apa khabar anda Malay
23%
तुम्ही कसे आहात Marathi
22%
Jinsi ni wewe Swahili
21%
ਤੁਸੀ ਕਿਵੇਂ ਹੋ Punjabi
20%
Kumusta Filipino
17%
Kako si Serbo-Croatian
17%
Sut wyt ti Welsh
12%
Ako sa máte Slovak
7%
Si jeni Albanian
5%
No matching quizzes found
Score Distribution
Percent of People with Each Score
Percentile by Number Answered
Your Score History
You have not taken this quiz since the last reset